Women in Georgia industries : (Record no. 35638)

MARC details
000 -LEADER
fixed length control field 01205cam a22002891i 4500
001 - CONTROL NUMBER
control field l 22000197
003 - CONTROL NUMBER IDENTIFIER
control field DLC
005 - DATE AND TIME OF LATEST TRANSACTION
control field 20260227111528.0
008 - FIXED-LENGTH DATA ELEMENTS--GENERAL INFORMATION
fixed length control field 761005s1922 dcua f000 0 eng
010 ## - LIBRARY OF CONGRESS CONTROL NUMBER
LC control number l 22000197
035 ## - SYSTEM CONTROL NUMBER
System control number (OCoLC)2480758
040 ## - CATALOGING SOURCE
Original cataloging agency DLC
Transcribing agency GMiW
Modifying agency OCoLC
-- DLC
042 ## - AUTHENTICATION CODE
Authentication code premarc
050 00 - LIBRARY OF CONGRESS CALL NUMBER
Classification number HD6593
Item number .A35 no. 22
110 1# - MAIN ENTRY--CORPORATE NAME
Corporate name or jurisdiction name as entry element United States.
Subordinate unit Women's Bureau.
245 10 - TITLE STATEMENT
Title Women in Georgia industries :
Remainder of title a study of hours, wages, and working conditions.
260 ## - PUBLICATION, DISTRIBUTION, ETC.
Place of publication, distribution, etc. Washington :
Name of publisher, distributor, etc. Gov't print. off.,
Date of publication, distribution, etc. 1922.
300 ## - PHYSICAL DESCRIPTION
Extent vii, 89 p. ;
Other physical details diagr. ;
Dimensions 23 cm.
490 0# - SERIES STATEMENT
Series statement Bulletin ;
Volume/sequential designation no. 22
500 ## - GENERAL NOTE
General note At head of title: U.S. Department of labor. James J. Davis, secretary. Women's bureau. Mary Anderson, director.
500 ## - GENERAL NOTE
General note "The Atlanta survey was conducted by Miss Helen Bryan and the state-wide survey was conducted by Mrs. Ethel L. Best. The material secured was tabulated by the Women's bureau and the report written by Mrs. Ethel L. Best."--Letter of transmittal.
650 #0 - SUBJECT ADDED ENTRY--TOPICAL TERM
Topical term or geographic name entry element Women
General subdivision Employment
Geographic subdivision Georgia.
650 #0 - SUBJECT ADDED ENTRY--TOPICAL TERM
Topical term or geographic name entry element Hours of labor
Geographic subdivision Georgia.
650 #0 - SUBJECT ADDED ENTRY--TOPICAL TERM
Topical term or geographic name entry element Wages
Geographic subdivision Georgia.
700 1# - ADDED ENTRY--PERSONAL NAME
Personal name Best, Ethel L.
Fuller form of name (Ethel Lombard)
700 1# - ADDED ENTRY--PERSONAL NAME
Personal name Bryan, Helen.

No items available.

Powered by Koha